000 00402nam a2200145Ia 4500
008 220217s9999||||xx |||||||||||||| ||und||
020 _a81-3090-407-1
082 _a025 MUK
100 _aMukhopadhyay, Asoknath
_95344
245 0 _aGuide to MARC 21 for cataloguing of books and serials
250 _a21st
260 _aViva Books
_bNew Delhi
_c2007
300 _b898
650 _aGENERAL BOOKS
999 _c176258
_d176258